000 00693nam a2200205Ia 4500
003 GCL
008 140319s9999 xx 000 0 ara d
040 _aGCL /
_cGCL
082 0 4 _a370.154
_bن د
100 1 _aنبيل محمد زايد
245 1 0 _aالدافعية والتعلم /
_cنبيل محمد زايد
250 _aالاولى
260 _aالقاهرة :
_bمكتبة النهضة المصرية ،
_c2003
300 _a225 ص ؛
_c24 سم
650 0 4 _aعلم النفس التربوى
650 0 4 _aعلم النفس التطبيقى
650 0 4 _aعلم النفس التعليمى
650 0 4 _aالفروق الفردية فى التعليم
942 _2ddc
_cBK
999 _c36573
_d36573